[Event "Rethymno op 5th"]
[Site "Rethymno"]
[Date "2013.08.02"]
[Round "7"]
[White "Thomassin, Alexandre"]
[Black "Theodorou, Nikolas"]
[Result "0-1"]
[WhiteElo "1807"]
[BlackElo "2125"]
[PlyCount "66"]
[EventDate "2013.07.28"]
[EventType "swiss"]
[EventRounds "9"]
[EventCountry "GRE"]
[SourceTitle "CBM 155 Extra"]
[Source "ChessBase"]
[SourceDate "2013.08.26"]
[SourceVersion "1"]
[SourceVersionDate "2013.08.26"]
[SourceQuality "1"]

1. d4 Nf6 2. c4 e6 3. Nf3 b6 4. g3 Ba6 5. b3 Bb4+ 6. Bd2 Be7 7. Bg2 c6 8. 0-0 0-0 9. Re1 d5 10. cxd5 cxd5 11. Nc3 Nc6 12. a3 Rc8 13. b4 Ne4 14. Rc1 Bf6 15. e3 Nd6 16. Qa4 Bc4 17. Bf1 Qd7 18. Bxc4 Nxc4 19. Qb3 Rfd8 20. h4 h6 21. Ne2 Qe7 22. Nf4 g5 23. hxg5 hxg5 24. g4 gxf4 25. Kg2 Kf8 26. exf4 Nxd2 27. Nxd2 Nxd4 28. Qd3 Qd6 29. Rxc8 Rxc8 30. g5 Bg7 31. Kg3 Rc3 32. Qxc3 Nf5+ 33. Kg4 Bxc3 0-1

[Event "Nikea Fysiolatriko-A 11th"]
[Site "Nikea"]
[Date "2013.06.20"]
[Round "2"]
[White "Kostouros, Alexandros"]
[Black "Thomassin, Alexandre"]
[Result "1-0"]
[WhiteElo "2122"]
[BlackElo "1801"]
[PlyCount "97"]
[EventDate "2013.06.19"]
[EventType "swiss"]
[EventRounds "9"]
[EventCountry "GRE"]
[SourceTitle "EXT 2024"]
[Source "ChessBase"]
[SourceDate "2023.10.10"]
[SourceVersion "1"]
[SourceVersionDate "2023.10.10"]
[SourceQuality "1"]

1. e4 g6 2. d4 Bg7 3. c4 d6 4. Nc3 Nc6 5. Be3 Nf6 6. d5 Nb8 7. f4 c6 8. Nf3 Qa5 9. Bd3 Bg4 10. 0-0 0-0 11. h3 Bxf3 12. Rxf3 Nbd7 13. a3 Rac8 14. b4 Qd8 15. Ra2 Nh5 16. Ne2 cxd5 17. cxd5 a6 18. g4 Nhf6 19. Ng3 Qc7 20. g5 Ne8 21. h4 Qd8 22. h5 e6 23. Rh2 exd5 24. exd5 Rc3 25. Bc1 Qc8 26. Ne2 Rc7 27. Be3 Nb8 28. f5 Be5 29. Rh4 Ng7 30. fxg6 fxg6 31. Rxf8+ Qxf8 32. hxg6 Qf3 33. gxh7+ Kh8 34. Bb6 Rf7 35. Be4 Qxa3 36. Bf2 Nf5 37. g6 Nxh4 38. gxf7 Nd7 39. Qc2 Nf8 40. Bxh4 Qh3 41. Bg3 Bd4+ 42. Nxd4 Qxg3+ 43. Bg2 Qe3+ 44. Qf2 Qc1+ 45. Kh2 Qh6+ 46. Bh3 Kxh7 47. Nf5 Qg5 48. Qg3 Kg6 49. Nxd6 1-0

[Event "Nikeas Spring op A"]
[Site "Nikea"]
[Date "2013.05.08"]
[Round "3.5"]
[White "Karagiannis, Athanasios"]
[Black "Thomassin, Alexandre"]
[Result "1-0"]
[WhiteElo "2265"]
[BlackElo "1795"]
[PlyCount "67"]
[EventDate "2013.05.07"]
[EventType "swiss"]
[EventRounds "7"]
[EventCountry "GRE"]
[SourceTitle "EXT 2024"]
[Source "ChessBase"]
[SourceDate "2023.10.10"]
[SourceVersion "1"]
[SourceVersionDate "2023.10.10"]
[SourceQuality "1"]

1. d4 g6 2. e4 Bg7 3. Nc3 d6 4. Bg5 a6 5. h4 h6 6. Be3 b5 7. h5 gxh5 8. Qxh5 Nf6 9. Qh4 Ng4 10. Nf3 Nxe3 11. fxe3 Qd7 12. 0-0-0 Qg4 13. Qf2 Bb7 14. Be2 Qe6 15. Nh4 b4 16. Nf5 Qf6 17. Nd5 Bxd5 18. exd5 Nd7 19. Rdf1 e6 20. dxe6 fxe6 21. Qf3 0-0 22. Bc4 Kh7 23. Nxg7 Qxf3 24. gxf3 Kxg7 25. Bxe6 Rad8 26. Rfg1+ Kh7 27. Bc4 Rf6 28. Bxa6 c5 29. Bd3+ Kh8 30. dxc5 dxc5 31. f4 Nb6 32. e4 c4 33. e5 cxd3 34. exf6 1-0

[Event "Rethymno op 1st"]
[Site "Rethymno"]
[Date "2009.07.12"]
[Round "1"]
[White "Thomassin, Alexandre"]
[Black "Neverov, Valeriy"]
[Result "0-1"]
[WhiteElo "1801"]
[BlackElo "2561"]
[PlyCount "64"]
[EventDate "2009.07.12"]
[EventType "swiss"]
[EventRounds "9"]
[EventCountry "GRE"]
[SourceTitle "CBM 131 Extra"]
[Source "ChessBase"]
[SourceDate "2009.09.03"]
[SourceVersion "2"]
[SourceVersionDate "2009.09.16"]
[SourceQuality "1"]

1. d4 Nf6 2. c4 g6 3. Nc3 d5 4. Nf3 Bg7 5. Bf4 c6 6. e3 0-0 7. Bd3 c5 8. 0-0 cxd4 9. exd4 Nc6 10. h3 dxc4 11. Bxc4 Na5 12. Bb3 b6 13. Be5 Bb7 14. Qe2 Nxb3 15. axb3 Qd7 16. Rfe1 Rfd8 17. Nd2 Bh6 18. Nf3 Qf5 19. Nh2 Rd7 20. g4 Qe6 21. Qc4 Qc6 22. Qxc6 Bxc6 23. Nf1 Nd5 24. Ne3 Nf4 25. Bxf4 Bxf4 26. d5 Bb7 27. Ra4 Be5 28. Re4 Bf6 29. f4 h6 30. Kg2 e6 31. Rd1 Rad8 32. Kg3 exd5 0-1

[Event "Ambelokipi op 093th "]
[Site "Athens"]
[Date "2009.01.14"]
[Round "2"]
[White "Thomassin, Alexandre"]
[Black "Tepelenis, Nikolaos"]
[Result "0-1"]
[WhiteElo "1822"]
[BlackElo "2189"]
[PlyCount "86"]
[EventDate "2009.01.10"]
[EventType "swiss"]
[EventRounds "4"]
[EventCountry "GRE"]
[SourceTitle "EXT 2024"]
[Source "ChessBase"]
[SourceDate "2023.10.10"]
[SourceVersion "1"]
[SourceVersionDate "2023.10.10"]
[SourceQuality "1"]

1. d4 d5 2. c4 e6 3. Nf3 Nf6 4. Nc3 Be7 5. Bf4 0-0 6. e3 c5 7. Be2 Nc6 8. 0-0 a6 9. b3 b6 10. Ne5 Bb7 11. cxd5 Nxe5 12. Bxe5 Nxd5 13. Nxd5 Bxd5 14. Bd3 f5 15. Qe2 b5 16. Rac1 Rc8 17. Rfd1 Bd6 18. e4 fxe4 19. Bxe4 Bxe5 20. dxe5 Qg5 21. Rc3 Bxe4 22. Qxe4 Rfd8 23. Rd6 Rxd6 24. exd6 Qd5 25. Qxd5 exd5 26. d7 Rd8 27. Rxc5 Rxd7 28. Rc6 d4 29. Kf1 d3 30. Ke1 Re7+ 31. Kd2 Re2+ 32. Kxd3 Rxa2 33. Rc2 Rxc2 34. Kxc2 a5 35. Kc3 Kf7 36. f4 h5 37. g3 Ke6 38. h3 Kd5 39. Kd3 a4 40. b4 a3 41. Kc3 Ke4 42. Kb3 Kf3 43. Kxa3 Kxg3 0-1

[Event "Ambelokipi op 82nd"]
[Site "Athens"]
[Date "2007.11.21"]
[Round "6"]
[White "Kosmas Lekkas, Dimitrios"]
[Black "Thomassin, Alexandre"]
[Result "1-0"]
[WhiteElo "1998"]
[BlackElo "1817"]
[PlyCount "73"]
[EventDate "2007.11.03"]
[EventType "swiss"]
[EventRounds "7"]
[EventCountry "GRE"]
[SourceTitle "EXT 2024"]
[Source "ChessBase"]
[SourceDate "2023.10.10"]
[SourceVersion "1"]
[SourceVersionDate "2023.10.10"]
[SourceQuality "1"]

1. d4 Nf6 2. c4 g6 3. Nc3 Bg7 4. e4 d6 5. Nf3 0-0 6. Be2 Nbd7 7. 0-0 e5 8. Be3 c6 9. dxe5 Nxe5 10. Nxe5 dxe5 11. Qb3 Qc7 12. Rfd1 Be6 13. Bc5 Rfd8 14. Rxd8+ Rxd8 15. Bxa7 b5 16. Be3 Rb8 17. Qc2 bxc4 18. Na4 Bf8 19. Nc5 Bxc5 20. Bxc5 Rb5 21. Ba3 Rb8 22. Bxc4 Bxc4 23. Qxc4 Rd8 24. f3 Rd2 25. Qc5 Qd8 26. Qxe5 Rd1+ 27. Rxd1 Qxd1+ 28. Kf2 Qd2+ 29. Kg3 Nh5+ 30. Kh4 Qd8+ 31. Qe7 Qc8 32. g4 Nf4 33. Kg5 Ne6+ 34. Kf6 Qb8 35. Qxf7+ Kh8 36. Kxe6 Qc8+ 37. Qd7 1-0